| 000 | 01481cam a22002535a 4500 | ||
|---|---|---|---|
| 008 | 230109s2009 xxkk fo 000 0 eng u | ||
| 020 | _a9781842193015 | ||
| 041 | 0 | _aeng | |
| 110 | 2 |
_aRoyal Institution of Chartered Surveyors _94354 |
|
| 245 | 0 | 0 |
_aRight to buy _bvaluations for right to buy, right to acquire and equity sharing of social housing _bRICS code of practice _h[archived] |
| 250 | _aReplaces by 2006 edition | ||
| 260 |
_aLondon, _bRICS, _c2009 |
||
| 300 |
_a51p. _c30cm. |
||
| 490 | 0 | _aRICS Code of Practice | |
| 520 | _aRevised issue 2009 | ||
| 520 | _aRICS Code of Practice applies to all valuations of social homes whether for Right to Buy/Right to Acquire or equity sharing purposes. Because the valuation element cannot be considered in isolation, this Code also deals with the whole process from the receipt of the tenant's application. Developed in response to the College of Estate Management report Valuing For Right To Buy (J126372). Includes information on statutory frameworks; the valuation processes; appeals procedures; communications and monitoring; records; and includes sample forms. | ||
| 650 | _aRIGHT TO BUY | ||
| 650 | _aSOCIAL HOUSING | ||
| 651 | 4 | _aUnited Kingdom | |
| 690 |
_aValuation _96273 |
||
| 760 | _bRevised | ||
| 856 |
_uhttps://www.isurv.com/downloads/download/203/valuations_for_right_to_buy_right_to_acquire_and_equity_sharing_of_social_housing_archived _zAvailable on iSurv (subscription required) |
||
| 942 |
_n0 _2ddc |
||
| 999 |
_c121302 _d121302 |
||